00319nam a2200133Ia 4500003000400000005001700004008004100021020001500062040001700077100001600094245005200110260001400162260000900176OSt20240326121242.0170524s9999 xx 000 0 und d a8184160070 cIIMTU MEERUT aGandhi-T.P. 0aElements of Human anatomy physiology and Health bB.S. Shah c2004